|
|
|
|
| LEADER |
00696nam a2200229Ia 4500 |
| 001 |
CTU_117425 |
| 008 |
210402s9999 xx 000 0 und d |
| 020 |
|
|
|c 69.44
|
| 082 |
|
|
|a 343.7309944
|
| 082 |
|
|
|b C515
|
| 100 |
|
|
|a Cheeseman, Henry R.
|
| 245 |
|
0 |
|a Essentials of business and online commerce law :
|
| 245 |
|
0 |
|b Legal, E-commerce, ethical, and global environments
|
| 245 |
|
0 |
|c Henry R. Cheeseman
|
| 260 |
|
|
|a New Jersey
|
| 260 |
|
|
|b Pearson Prentice Hall
|
| 260 |
|
|
|c 2006
|
| 650 |
|
|
|a Electronic commerce,Business law
|
| 650 |
|
|
|x Law and legislation
|
| 650 |
|
|
|z United States,United States
|
| 904 |
|
|
|i Truc
|
| 980 |
|
|
|a Trung tâm Học liệu Trường Đại học Cần Thơ
|